Sohāgasindūra. (Record no. 64990)

MARC details
000 -LEADER
fixed length control field 00518cam a22002171 4500
001 - CONTROL NUMBER
control field sa 65007004
003 - CONTROL NUMBER IDENTIFIER
control field DLC
005 - DATE AND TIME OF LATEST TRANSACTION
control field 20260227112146.0
008 - FIXED-LENGTH DATA ELEMENTS--GENERAL INFORMATION
fixed length control field 940713s1965 ii 000 1 gujo
010 ## - LIBRARY OF CONGRESS CONTROL NUMBER
LC control number sa 65007004
025 ## - OVERSEAS ACQUISITION NUMBER
Overseas acquisition number PL480:I-Gu-500
035 ## - SYSTEM CONTROL NUMBER
System control number (OCoLC)30759496
040 ## - CATALOGING SOURCE
Original cataloging agency DLC
Transcribing agency CU
Modifying agency CU
-- DLC
042 ## - AUTHENTICATION CODE
Authentication code premarc
050 00 - LIBRARY OF CONGRESS CALL NUMBER
Classification number PK1859.M463
Item number S6
100 1# - MAIN ENTRY--PERSONAL NAME
Personal name Mehta, Sushila,
Dates associated with a name 1922-
245 10 - TITLE STATEMENT
Title Sohāgasindūra.
260 ## - PUBLICATION, DISTRIBUTION, ETC.
Date of publication, distribution, etc. [1965?]
300 ## - PHYSICAL DESCRIPTION
Extent 8, 232 p.
Dimensions 20 cm.
500 ## - GENERAL NOTE
General note In Gujarati.

No items available.

Powered by Koha